Integración monetaria en las regiones Centroamericana y Andina /

Como consecuencia del ímpetu que ha recibido la integración económica en varias regiones, los estudiosos han prestado atención a las áreas monetarias óptimas El autor examina los criterios que se deben considerar para establecer una unión de este tipo y analiza el caso de los países centroamericanos...

Descripció completa

Guardat en:
Dades bibliogràfiques
Autor principal: Cáceres, Luis René
Format: Text
Matèries:
Etiquetes: Afegir etiqueta
Sense etiquetes, Sigues el primer a etiquetar aquest registre!

MARC

LEADER 00000 a a2200000 04500
001 3490
003
040
100 |a Cáceres, Luis René  
245 |a Integración monetaria en las regiones Centroamericana y Andina /  |c Luis René Cáceres 
520 |a Como consecuencia del ímpetu que ha recibido la integración económica en varias regiones, los estudiosos han prestado atención a las áreas monetarias óptimas El autor examina los criterios que se deben considerar para establecer una unión de este tipo y analiza el caso de los países centroamericanos y los andinos. REV/SCM  
650 |a RELACIONES INTERNACIONALES  
650 |a GLOBALIZACION  
650 |a INTERDEPENDENCIA ECONOMICA  
650 |a INTEGRACION ECONOMICA  
650 |a SISTEMA MONETARIO INTERNACIONAL  
650 |a ACUERDOS MONETARIOS  
650 |a FINANZAS INTERNACIONALES  
773 |g volumen 50, número 7; páginas 552-565  
999 |c 27075  |d 27075